| 000 | 00409nam a2200169Ia 4500 | ||
|---|---|---|---|
| 008 | 180424s9999 xx 000 0 und d | ||
| 084 | _a301 J5 | ||
| 100 | _a"Joseph Ben David, " | ||
| 245 | 0 | _aScientist`s Role in Society | |
| 250 | _a\\197100ENGGPSX | ||
| 260 | _aPrentice Hall | ||
| 260 | _b1971 | ||
| 260 | _cNew Jersey | ||
| 300 | _a207p | ||
| 500 | _aincludes index and biblioraphy | ||
| 942 | _cBK | ||
| 999 |
_c25791 _d25791 |
||